Διαχρονική πορεία της ρύπανσης των υπόγειων υδάτων του νομού Τρικάλων από νιτρικά γεωργικής προέλευσης
Αποθηκεύτηκε σε:
| Κύριος συγγραφέας: | |
|---|---|
| Συγγραφή απο Οργανισμό/Αρχή: | |
| Μορφή: | Thesis Βιβλίο |
| Γλώσσα: | Greek |
| Δημοσίευση: |
2009.
|
| Θέματα: | |
| Διαθέσιμο Online: | http://hdl.handle.net/11610/15415 |
| Ετικέτες: |
Προσθήκη ετικέτας
Δεν υπάρχουν, Καταχωρήστε ετικέτα πρώτοι!
|
MARC
| LEADER | 00000cam a2200000 i 4500 | ||
|---|---|---|---|
| 001 | 1/7980 | ||
| 008 | 100602s2009 gr | ||| |||| ||gre|| | ||
| 035 | |l 10108082 | ||
| 040 | |a GR-MyUa |b gre |e AACR2 | ||
| 041 | 0 | |a gre | |
| 082 | 7 | |a 363.7394 |2 (22) | |
| 100 | 1 | |a Αναγνώστου, Βασιλειος. | |
| 245 | 1 | 0 | |a Διαχρονική πορεία της ρύπανσης των υπόγειων υδάτων του νομού Τρικάλων από νιτρικά γεωργικής προέλευσης / |c Αναγνώστου Βασίλειος ; υπεύθυνος καθηγητής: Ν.Γ. Δαναλάτος. |
| 260 | |c 2009. | ||
| 300 | |a 95 σ. : |b πιν., σχ. ; |c 30 εκ. | ||
| 502 | |a Διατριβή (μεταπτυχιακή) – Πανεπιστήμιο Αιγαίου, Λέσβος, 2009. | ||
| 504 | |a Βιβλιογραφία: σ. 73-77. | ||
| 650 | 0 | |a Groudwater |x Pollution |z Greece |z Trikala (Nome) | |
| 650 | 0 | |a Agricultural pollution |z Greece |z Trikala (Nome) | |
| 650 | 0 | |a Water |x Pollution |z Greece |z Trikala (Nome) | |
| 650 | 0 | |a Nitrates |x Environmental aspects. | |
| 650 | 0 | |a Agricultural chemicals |x Environmental aspects. | |
| 650 | 0 | |a Dissertations, Academic |z Greece. | |
| 700 | 1 | |a Δαναλάτος, Νίκος, |e dgs | |
| 710 | 2 | |a Πανεπιστήμιο Αιγαίου |b Σχολή Περιβάλλοντος |b Τμήμα Περιβάλλοντος |b Πρόγραμμα Μεταπτυχιακών Σπουδών Γεωργία και Περιβάλλον. | |
| 852 | |a INST |b LESVOS |c DIATR |e 20100602 |h 289 |p 005100047662 |q 005100047662 |t MTXE |y 23 | ||
| 852 | |a INST |b LESVOS |c DIATR |e 20100602 |h 290 |p 005100047663 |q 005100047663 |t MTXE |y 23 | ||
| 856 | |u http://hdl.handle.net/11610/15415 | ||
| 901 | |a BIBL1-2010-2 | ||
| 924 | |a Αναγνώστου |b Βασίλειος |y Λέσβος |z 2010-11 | ||
| 970 | |a ΤΖΑΦΕΡΗ |b ΕΥΑΓΓΕΛΙΑ |z 2010/06/02 | ||